1865 1390 1195 1413 1747 1155 1304 1420 1336 1163 1925 1577 1648 1096 1110 1533 1950 1340 1322 1312 1515 1486 1054 1580 1426 1079 1751 1683 1359 1294 1925 1444 1751 1018 1537 1141 1798 1872 1534 1243 1194 1311 1980 1345 1773 1809 1466 1571 1037 1289 1921 1627 1057 1570 1950 1552 1135 1090 1857 1454 1074 1326 1516 1758 1487 1128 1477 1124 1253 1126 1508 1348 1542 1758 1874 1027 1474 1489 1251 1543 1293 1145 1426 1306 1965 1883 1111 1115 1669 1051 1085 1490 1433 1550 1225 1422 1764 1289 1837 BCNSPRNW ULIB Ver.6.0+V

เปลี่ยนเป็นภาษาไทย

Change to English
 แสดงรายละเอียดบรรณานุกรม
  กลับหน้าหลัก

Brief Record : Get Marc (ISO 2709) : E-mail record : QR code < ปิดหน้าต่าง
LEADER : 00000nam 2200000uu 4500
001    13399109353
003     ULIB
008    110330s2551||||th 000 0 tha d
020    9745552623
060 04 WA950^bอ412ช 2551
245 00 ชีวสถิติ /^cบรรณาธิการ, อรุณ จิรวัฒน์กุล ; คณะผู้เขียนอรุณ จิรวัฒน์กุล ... [และคนอื่นๆ]
250    พิมพ์ครั้งที่ 4
260    ขอนแก่น :^bภาควิชาชีวสถิติและประชากรศาสตร์คณะสาธารณสุขศาสตร์ มหาวิทยาลัยขอนแก่น,^c2551
300    360 หน้า :^bภาพประกอบ ;^c26 ซม.
650  7 ชีวสถิติ
700 0  อรุณ จิรวัฒน์กุล,^eบรรณาธิการ
710 2  มหาวิทยาลัยขอนแก่น. ^bคณะสาธารณสุขศาสตร์.^bภาควิชาชีวสถิติและประชากรศาสตร์
945    ^p250^l0^i027222
945    ^p250^l0^i027223
995    ทศพร
999 ^a ใช้งานได้ทุกระบบ
รายการนี้ยังไม่มีแท็ก
คุณยังไม่ได้ล็อกอิน คุณสามารถมีกิจกรรมร่วมกับเว็บไซต์ได้ แต่ต้องล็อกอินก่อน ::
  ล็อกอิน

รายการสื่อสารสนเทศ

ลำดับที่ ประเภท เลขเรียก/บาร์โค้ด สถานที่ สถานะ
- ไม่พบข้อมูล -

รายการใกล้เคียง
    หัวเรื่อง [ชีวสถิติ]

BibComment


ยังไม่เคยถูกคอมเมนท์

คอมเมนท์ทรัพยากรรายการนี้
  คอมเมนท์: ชีวสถิติ บรรณาธิ..


 Copyright 2026. Bcnsprnw @Library